000 00281nam a22001217a 4500
008 170622b xxu||||| |||| 00| 0 eng d
041 _aeng
080 _a32
100 _a21
101 _aSHP
245 _aMESSAGES AND PAPERS OF THE PRESIDENTS
_cRICHARDSON, J.D
942 _2udc
_cBK
999 _c18774
_d18774